• 首页
  • 本馆介绍
  • 公告通知
  • 最新文献
  • 馆藏检索
  • 电子资源
  • 读者导购
  • 参考咨询
  • 我的图书馆
  • 登录
  • 详细信息显示
  • 放入我的书架
  • 预约/预借图书
  • 作者相关作品
  • 分类相关作品
  • 丛书相关作品
  • 出版社相关作品

书目信息

  • 表格格式
  • 工作单格式
  • 卡片格式
题名:
粥·面点·下饭菜
    
 
作者: 文君 编著
分册:  
出版信息: 北京   中国市场出版社  2006.08
页数: 95页
开本: 26cm
丛书名:
单 册:
中图分类: TS972.13 , TS972.182
科图分类:
主题词: 粥--食谱--中国 , 面食--食谱--中国 , 菜谱--中国 , 粥 , 食谱 , 面食 , 菜谱
电子资源:
ISBN: 7-5092-0100-4
000 00836nam0 2200301 450
001 003277976
005 20070124164514.0
010    @a7-5092-0100-4@dCNY19.80
100    @a20100913d2006 em y0chiy0110 ea
101 0  @achi
102    @aCN@b110000
105    @aa z 000yy
200 1  @a粥·面点·下饭菜@Azhou · mian dian · xia fan cai@e彩色食谱家常版@f文君编著
210    @a北京@c中国市场出版社@d2006.08
215    @a95页@c图@d26cm
330    @a本书介绍了120余款粥类、近40款面点类和110余款下饭菜的用料和做法。
606 0  @a粥@x食谱@y中国
606 0  @a面食@x食谱@y中国
606 0  @a菜谱@y中国
606 0  @a粥
606 0  @a食谱
606 0  @a面食
606 0  @a菜谱
690    @aTS972.13@v5
690    @aTS972.182@v5
701  0 @a文君@Awen jun@c(烹饪)@4编著
905    @aBZT@dTS972.13@e3
906    @dCNY19.80@n0@r1
    
    粥·面点·下饭菜:彩色食谱家常版/文君编著.-北京:中国市场出版社,2006.08
    95页:图;26cm
    
    
    ISBN 7-5092-0100-4:CNY19.80
    本书介绍了120余款粥类、近40款面点类和110余款下饭菜的用料和做法。
●
相关链接 在五车中查询图书 在当当中查询图书 在豆瓣中查询图书


正题名:粥·面点·下饭菜     索取号:TS972.13/3         预约/预借

序号 登录号 条形码 馆藏地/架位号 状态 备注
1 766378   2000766378   中心书库中库/ 中库024架A面4列5层71/ [索取号:TS972.13/3] 在馆    
2 766379   2000766379   中心书库中库/ 中库024架A面4列5层68/ [索取号:TS972.13/3] 在馆    
3 766380   2000766380   中心书库中库/ 中库024架A面4列5层64/ [索取号:TS972.13/3] 在馆    
4 766381   2000766381   中心书库中库/ 中库024架A面4列5层66/ [索取号:TS972.13/3] 在馆    
5 766382   2000766382   中心书库中库/ 中库024架A面4列5层63/ [索取号:TS972.13/3] 在馆    
6 766383   2000766383   中心书库中库/ 中库024架A面4列5层69/ [索取号:TS972.13/3] 在馆    
7 766384   2000766384   中心书库中库/ 中库024架A面4列5层67/ [索取号:TS972.13/3] 在馆    
8 766385   2000766385   中心书库中库/ 中库024架A面4列5层62/ [索取号:TS972.13/3] 在馆    
9 766386   2000766386   中心书库中库/ 中库024架A面4列5层70/ [索取号:TS972.13/3] 在馆    
10 766387   2000766387   中心书库中库/ 中库024架A面4列5层65/ [索取号:TS972.13/3] 在馆    
山东省滨州职业学院图书馆 欢迎您!
大连网信软件有限公司© 版权所有